[Event "GER-chT U10"]
[Site "Magdeburg"]
[Date "2015.12.29"]
[Round "7.3"]
[White "Klahold, Rona"]
[Black "Post, Patrick"]
[Result "0-1"]
[WhiteElo "896"]
[BlackElo "926"]
[PlyCount "128"]
[EventDate "2015.12.27"]
[EventType "team-swiss"]
[EventRounds "7"]
[EventCountry "GER"]
[SourceTitle "EXT 2017"]
[Source "ChessBase"]
[SourceDate "2016.10.25"]
[SourceVersion "1"]
[SourceVersionDate "2016.10.25"]
[SourceQuality "1"]
[WhiteTeam "Paderborn Blauer Springer"]
[BlackTeam "Peine"]
[WhiteTeamCountry "GER"]
[BlackTeamCountry "GER"]

1. d4 e6 2. Nf3 c5 3. dxc5 Bxc5 4. Nc3 Nc6 5. Bf4 Nf6 6. e3 d5 7. Nb5 0-0 8. Bd3 a6 9. Nbd4 Bxd4 10. exd4 Qb6 11. Be5 Nxe5 12. dxe5 Ne8 13. Rb1 Qa5+ 14. c3 Qxa2 15. 0-0 Qa5 16. Bc2 Bd7 17. Qd3 g6 18. Ra1 Qb6 19. Ba4 Bxa4 20. Rxa4 Qxb2 21. Rb4 Qa3 22. Rxb7 Ng7 23. Qd4 Nf5 24. Qd2 Rac8 25. Ra7 Rxc3 26. Nd4 Nxd4 27. Qxd4 Rc1 28. g3 Rxf1+ 29. Kxf1 Qa5 30. Qd3 Qa1+ 31. Kg2 Qxe5 32. Rxa6 Qe4+ 33. Qxe4 dxe4 34. Ra4 f5 35. Ra5 Kg7 36. Ra7+ Kf6 37. Kh3 g5 38. f4 g4+ 39. Kg2 Rh8 40. Kf2 h5 41. Ra6 h4 42. gxh4 Rxh4 43. Kg3 Rh3+ 44. Kg2 e3 45. Ra1 Kg6 46. Re1 Kh5 47. Re2 Kh4 48. Re1 g3 49. hxg3+ Rxg3+ 50. Kf1 Kg4 51. Ke2 Kxf4 52. Kf1 Kf3 53. Rd1 e2+ 54. Ke1 exd1Q+ 55. Kxd1 Rg2 56. Ke1 Rf2 57. Kd1 Re2 58. Kc1 Ke3 59. Kd1 Kd3 60. Kc1 Rd2 61. Kb1 Rc2 62. Ka1 Kc3 63. Kb1 Kb3 64. Ka1 Rc1# 0-1

[Event "GER-chT U10"]
[Site "Magdeburg"]
[Date "2015.12.29"]
[Round "6.3"]
[White "Post, Patrick"]
[Black "Mandelkow, Elias"]
[Result "1/2-1/2"]
[WhiteElo "926"]
[BlackElo "959"]
[PlyCount "129"]
[EventDate "2015.12.27"]
[EventType "team-swiss"]
[EventRounds "7"]
[EventCountry "GER"]
[SourceTitle "EXT 2017"]
[Source "ChessBase"]
[SourceDate "2016.10.25"]
[SourceVersion "1"]
[SourceVersionDate "2016.10.25"]
[SourceQuality "1"]
[WhiteTeam "Peine"]
[BlackTeam "Hamburger SK III"]
[WhiteTeamCountry "GER"]
[BlackTeamCountry "GER"]

1. e4 e5 2. Nf3 Nc6 3. Bc4 Bc5 4. d3 Nf6 5. Bg5 d6 6. Nbd2 h6 7. Bh4 Bd7 8. Nb3 Bb6 9. a4 a5 10. 0-0 0-0 11. d4 exd4 12. Nbxd4 Nxd4 13. Nxd4 Bxd4 14. Qxd4 g5 15. Bg3 Nh5 16. Qe3 Nxg3 17. Qxg3 Qf6 18. c3 Bc6 19. Bd5 Bxd5 20. exd5 h5 21. f4 h4 22. Qxg5+ Qxg5 23. fxg5 c6 24. Rf6 Rad8 25. dxc6 bxc6 26. Rh6 Kg7 27. Rxh4 Kg6 28. Rg4 Rg8 29. Rf1 Rdf8 30. Rf6+ Kh5 31. h3 Rg6 32. Rd4 Rxf6 33. gxf6 Rd8 34. b4 axb4 35. cxb4 Kg6 36. a5 Kxf6 37. a6 Ke7 38. a7 Ra8 39. Rf4 Ke6 40. Re4+ Kd7 41. h4 Rxa7 42. h5 Ra8 43. g4 Rh8 44. Rf4 Ke6 45. Kg2 d5 46. Kh3 Ke5 47. Kg3 d4 48. Kf3 f5 49. Rxf5+ Ke6 50. Ke4 Rd8 51. Kd3 Rg8 52. h6 Rh8 53. Kxd4 Rxh6 54. g5 Rh4+ 55. Kc5 Kxf5 56. Kxc6 Kxg5 57. b5 Rh6+ 58. Kc7 Rh7+ 59. Kc6 Rh8 60. b6 Rc8+ 61. Kb7 Rh8 62. Ka7 Rh7+ 63. b7 Kf5 64. Ka8 Rxb7 65. Kxb7 1/2-1/2

[Event "GER-chT U10"]
[Site "Magdeburg"]
[Date "2015.12.28"]
[Round "5.3"]
[White "Mielewsky, Karl Josef"]
[Black "Post, Patrick"]
[Result "0-1"]
[WhiteElo "849"]
[BlackElo "926"]
[PlyCount "52"]
[EventDate "2015.12.27"]
[EventType "team-swiss"]
[EventRounds "7"]
[EventCountry "GER"]
[SourceTitle "EXT 2017"]
[Source "ChessBase"]
[SourceDate "2016.10.25"]
[SourceVersion "1"]
[SourceVersionDate "2016.10.25"]
[SourceQuality "1"]
[WhiteTeam "Halle Roter Turm II"]
[BlackTeam "Peine"]
[WhiteTeamCountry "GER"]
[BlackTeamCountry "GER"]

1. e4 e5 2. Nf3 Nc6 3. Nc3 Nf6 4. Bb5 d6 5. Bxc6+ bxc6 6. d3 Be7 7. Be3 0-0 8. Qe2 Be6 9. Ng5 Bg4 10. Qd2 d5 11. exd5 cxd5 12. d4 e4 13. h3 Bd7 14. 0-0-0 h6 15. Ngxe4 dxe4 16. g4 a5 17. g5 hxg5 18. h4 g4 19. h5 a4 20. a3 Bc6 21. h6 g6 22. h7+ Kh8 23. Bh6 Re8 24. Kb1 e3 25. Qxe3 Bxa3 26. d5 Rxe3 0-1

[Event "GER-chT U10"]
[Site "Magdeburg"]
[Date "2015.12.28"]
[Round "4.3"]
[White "Post, Patrick"]
[Black "Dethloff, Florian"]
[Result "1-0"]
[WhiteElo "926"]
[BlackElo "758"]
[PlyCount "32"]
[EventDate "2015.12.27"]
[EventType "team-swiss"]
[EventRounds "7"]
[EventCountry "GER"]
[SourceTitle "EXT 2017"]
[Source "ChessBase"]
[SourceDate "2016.10.25"]
[SourceVersion "1"]
[SourceVersionDate "2016.10.25"]
[SourceQuality "1"]
[WhiteTeam "Peine"]
[BlackTeam "Bad Schwartau"]
[WhiteTeamCountry "GER"]
[BlackTeamCountry "GER"]

1. e4 e5 2. Nf3 Nc6 3. Bc4 Bc5 4. Bd5 Nf6 5. d3 d6 6. 0-0 Bg4 7. h3 Bxf3 8. Qxf3 0-0 9. Qg3 Nb4 10. Bh6 g6 11. Bxf8 Qxf8 12. Bb3 d5 13. Qxe5 Qg7 14. Qxc7 Ne8 15. Qxc5 Nxc2 16. Bxc2 Qxb2 1-0

[Event "GER-chT U10"]
[Site "Magdeburg"]
[Date "2014.12.28"]
[Round "4.4"]
[White "Lange, Anton"]
[Black "Post, Patrick"]
[Result "1-0"]
[WhiteElo "866"]
[BlackElo "835"]
[PlyCount "151"]
[EventDate "2014.12.27"]
[EventType "team-swiss"]
[EventRounds "7"]
[EventCountry "GER"]
[SourceTitle "EXT 2016"]
[Source "ChessBase"]
[SourceDate "2015.10.08"]
[SourceVersion "1"]
[SourceVersionDate "2015.10.08"]
[SourceQuality "1"]
[WhiteTeam "Stralsund"]
[BlackTeam "Peiner"]
[WhiteTeamCountry "GER"]
[BlackTeamCountry "GER"]

1. e4 e5 2. Nf3 Nc6 3. Bc4 Bc5 4. 0-0 Nf6 5. d3 0-0 6. Bg5 h6 7. Bh4 d6 8. h3 Nd4 9. Nxd4 Bxd4 10. c3 Bb6 11. Nd2 c6 12. Re1 d5 13. exd5 cxd5 14. Bb3 Be6 15. Rxe5 Qd6 16. d4 Rfe8 17. Re1 Bd7 18. Rxe8+ Rxe8 19. Nf3 Bc7 20. Bg3 Qc6 21. Bxc7 Qxc7 22. Bc2 Ne4 23. Bxe4 Rxe4 24. Qd2 Re6 25. Re1 Rg6 26. Kf1 Qc4+ 27. Re2 Qxa2 28. Re7 Qb1+ 29. Ne1 Bb5+ 30. Kg1 Qf5 31. Kh1 Rb6 32. Qe3 a5 33. Re5 Qd7 34. Nf3 a4 35. Nd2 Qd6 36. Nb1 f6 37. Re6 Qb8 38. Rxb6 Bc6 39. Qe6+ Kh7 40. Nd2 Qc7 41. Rb4 Bd7 42. Qe7 Kg6 43. Nf3 Qc8 44. Nh4+ Kh7 45. g4 b5 46. Nf5 Bxf5 47. gxf5 Qxf5 48. Qe3 Qb1+ 49. Kh2 Qa2 50. Rxb5 Qc4 51. Rb7 Qc6 52. Qe7 Kg6 53. Qxg7+ Kf5 54. Rf7 Qd6+ 55. Kg2 h5 56. Kf3 Qf4+ 57. Kg2 Qe4+ 58. Kh2 Qf4+ 59. Qg3 Qd2 60. Qf3+ Qf4+ 61. Qxf4+ Kxf4 62. Kg2 Kf5 63. Ra7 Ke4 64. Rxa4 Kd3 65. b4 Kc4 66. Kg3 Kb5 67. Ra1 Kc4 68. Kf4 Kxc3 69. b5 Kxd4 70. b6 Kc4 71. b7 d4 72. b8Q Kd3 73. Ra3+ Ke2 74. Qb2+ Kf1 75. Kf3 d3 76. Ra1# 1-0

[Event "GER-chT U10"]
[Site "Magdeburg"]
[Date "2014.12.28"]
[Round "5.4"]
[White "Post, Patrick"]
[Black "Van Lindt, Raffael"]
[Result "0-1"]
[WhiteElo "835"]
[BlackElo "1061"]
[PlyCount "38"]
[EventDate "2014.12.27"]
[EventType "team-swiss"]
[EventRounds "7"]
[EventCountry "GER"]
[SourceTitle "EXT 2016"]
[Source "ChessBase"]
[SourceDate "2015.10.08"]
[SourceVersion "1"]
[SourceVersionDate "2015.10.08"]
[SourceQuality "1"]
[WhiteTeam "Peiner"]
[BlackTeam "Muenster"]
[WhiteTeamCountry "GER"]
[BlackTeamCountry "GER"]

1. e4 e5 2. Nf3 Nc6 3. Nc3 Bc5 4. Bc4 Nf6 5. 0-0 d6 6. Ng5 0-0 7. a3 Ng4 8. Nh3 Qh4 9. b4 Bd4 10. Bb2 Nf6 11. d3 Bxh3 12. gxh3 Qxh3 13. Na4 Bxb2 14. Nxb2 Ng4 15. Qxg4 Qxg4+ 16. Kh1 Nd4 17. c3 Nf3 18. Bd5 Qh3 19. Bxf7+ Rxf7 0-1